[Event "20th Karpov Poikovsky 2019"]
[Site "Poikovsky"]
[Date "2019.06.08"]
[Round "3.2"]
[White "Jakovenko, Dmitry"]
[Black "Fedoseev, Vladimir"]
[Result "1/2-1/2"]
[WhiteElo "2704"]
[BlackElo "2680"]
[Annotator "TA"]
[PlyCount "103"]
[EventDate "2019.06.06"]
[EventType "tourn"]
[EventCountry "RUS"]
[SourceTitle "playchess.com"]
[Source "ChessBase"]
[SourceQuality "1"]

{[%evp 13,103,16,22,22,8,18,17,16,29,16,33,14,23,33,45,56,56,31,47,38,75,66,118,105,186,94,75,52,67,70,119,117,93,43,56,57,58,50,79,64,74,65,73,31,40,0,10,0,37,0,0,0,26,0,0,0,0,0,0,0,0,0,0,-8,0,0,0,0,6,7,262,262,262,262,262,262,262,243,204,204,199,207,214,155,155,0,0,0,0,0,0,0]} 1. e4 e5 2. Nf3 Nc6 3. Bb5 a6 4. Ba4 Nf6 5. d3 b5 6. Bb3 Bc5 7. c3 d6 8. Bg5 {C77: Ruy Lopez: 3...a6 4 Ba4 Nf6, unusual lines} h6 9. Bh4 g5 (9... O-O 10. Nbd2 Be6 11. O-O Bb6 12. Re1 Bxb3 13. Nxb3 Nb8 14. d4 Nbd7 15. a4 Re8 {½-½ (67) Carlsen,M (2842)-Mamedyarov,S (2801) Biel 2018}) 10. Bg3 Be6 11. O-O Qd7 $146 ({Predecessor:} 11... Qe7 12. Bxe6 fxe6 13. d4 exd4 14. cxd4 Bb6 15. e5 dxe5 16. Nxe5 Nxe5 17. Bxe5 {0-1 (34) Jameson,D (2103)-Thorfinnsson,B (2410) Reykjavik 2016}) 12. d4 Bxb3 13. axb3 exd4 14. cxd4 Bb6 15. Re1 Nh5 16. d5 $36 {[%mdl 2048] White is more active.} Nb4 17. Nd4 {Threatens to win with Nc6.} Ng7 ({Better is} 17... Nxg3 $14 18. hxg3 O-O-O) 18. Qd2 $16 Bc5 (18... a5 $16) 19. f3 (19. Nc6 $1 $18 {[%cal Rc6b4]} Nxc6 20. dxc6) 19... O-O {And now ...Bxd4+ would win.} 20. Bf2 f5 21. Nc3 fxe4 22. Rxe4 Rae8 23. Ne6 Nxe6 24. dxe6 Qc6 25. Rae1 Rf5 26. h4 Nd5 27. hxg5 Rxg5 28. Nxd5 Qxd5 29. Qc2 Bxf2+ 30. Qxf2 Rg6 {[%cal Rg6e6]} 31. Qe3 Qg5 {[%csl Gg6][%cal Rg5g2]} 32. Qf2 Qd5 {[%cal Rg6e6]} 33. Qe3 Qg5 {[%csl Gg6][%cal Rg5g2]} 34. g4 h5 35. Qxg5 Rxg5 $11 {[%mdl 4096] Endgame KRR-KRR} 36. Kg2 Kg7 37. Kg3 hxg4 38. f4 Rd5 39. Rh1 Kf6 40. Re3 Rd2 41. Rh7 Rxb2 $2 {[%mdl 8192]} (41... Rf8 $11) 42. Rf7+ $18 Kg6 {[#] ...Rxe6! is the strong threat.} 43. f5+ $1 Kg5 {next ...Rh8 is good for Black.} 44. e7 Rh8 {[%csl Gg4][%cal Rh8h3]} 45. Rg7+ Kf6 {[#]} 46. Rg6+ $1 ({And not} 46. Rh7 Re8 $11) 46... Kf7 {[#]} 47. Rh6 $1 {[%mdl 512]} Re8 (47... Rxh6 48. e8=Q+) 48. Ree6 {Strongly threatening Rh7+.} Rxb3+ 49. Kf4 $2 ({White must play} 49. Kxg4 $16 {Threatening mate with Rh7+.} Rg8+ 50. Rhg6) 49... Rh3 $1 $11 {[%cal Rh3h6] White must now prevent ...Rxh6.The position is equal.} 50. Rhf6+ Kg7 {aiming for ...Rxe7!} 51. Rg6+ Kf7 52. Rgf6+ {Accuracy: White = 58%, Black = 59%.} 1/2-1/2

[Event "20th Karpov Poikovsky 2019"]
[Site "Poikovsky"]
[Date "2019.06.08"]
[Round "3.4"]
[White "Korobov, Anton"]
[Black "Esipenko, Andrey"]
[Result "1/2-1/2"]
[WhiteElo "2687"]
[BlackElo "2611"]
[Annotator "TA"]
[PlyCount "41"]
[EventDate "2019.06.06"]
[EventType "tourn"]
[EventCountry "RUS"]
[SourceTitle "playchess.com"]
[Source "ChessBase"]
[SourceQuality "1"]

{[%evp 19,31,25,31,20,24,18,24,27,9,-9,-13,-9,-15,-11]} 1. d4 Nf6 2. c4 e6 3. Nc3 Bb4 4. Bd2 O-O 5. Nf3 d5 6. a3 Be7 7. Bf4 c5 8. e3 Nc6 9. dxc5 Bxc5 10. Qc2 Qa5 11. Be2 {D37: Queen's Gambit Declined: 5 Bf4} (11. Rd1 Rd8 12. Be2 Ne4 13. cxd5 Nxc3 14. bxc3 exd5 15. O-O h6 16. a4 Bd6 17. Bxd6 Rxd6 18. c4 Rb8 19. c5 {½-½ (27) Mamedyarov,S (2790)-Karjakin,S (2753) Shamkir 2019}) 11... d4 12. exd4 Nxd4 13. Nxd4 Bxd4 14. Bd2 {The position is equal.} Qf5 15. Qxf5 exf5 16. O-O {[#]} {Predecessor:} Ne4 $146 17. Nxe4 fxe4 18. Rab1 Be6 19. Be3 Rfd8 20. Rfd1 Bxe3 21. fxe3 {½-½ (20) Korobov,A (2674)-Saric,A (2594) Gjakova 2016} 1/2-1/2

[Event "20th Karpov Poikovsky 2019"]
[Site "Poikovsky"]
[Date "2019.06.08"]
[Round "3.5"]
[White "Saric, Ivan"]
[Black "Wang, Hao"]
[Result "1/2-1/2"]
[WhiteElo "2680"]
[BlackElo "2737"]
[Annotator "TA"]
[PlyCount "44"]
[EventDate "2019.06.06"]
[EventType "tourn"]
[EventCountry "RUS"]
[SourceTitle "playchess.com"]
[Source "ChessBase"]
[SourceQuality "1"]

{[%evp 17,44,16,31,16,41,22,21,25,17,22,30,20,24,18,17,10,19,11,11,10,11,11,0,0,21,0,0,0,0]} 1. e4 e5 2. Nf3 Nf6 3. Nxe5 d6 4. Nf3 Nxe4 5. d4 d5 6. Bd3 Bd6 7. O-O O-O 8. c4 c6 9. Qc2 Na6 10. a3 {C42: Petroff Defence: 3 Nxe5 and unusual White 3rd moves} f5 (10... Bg4 11. Ne5 Bf5 12. b4 c5 13. cxd5 cxd4 14. Bxe4 Rc8 15. Nc6 Bxe4 16. Qxe4 bxc6 17. dxc6 Re8 18. Qf3 Qb6 {1-0 (60) Dominguez Perez,L (2739)-Liang,A (2590) Saint Louis 2019}) 11. b4 Nc7 12. Nc3 Nxc3 13. Qxc3 dxc4 14. Bxc4+ Be6 15. Bxe6+ Nxe6 {The position is equal.} 16. Qb3 Qd7 $1 {[#]} 17. Rd1 $146 {[%mdl 2048] [#] aiming for d5. White has some pressure.} ({Predecessor:} 17. Re1 Rae8 18. Bb2 Kh8 19. Ne5 Bxe5 20. dxe5 {0-1 (52) Megaranto,S (2524)-Bluvshtein,M (2531) Turin 2006}) 17... Qf7 18. d5 cxd5 $1 19. Qxd5 {Hoping for Re1.} Rfd8 {Threatens to win with ...Bxh2+!} 20. Qb3 Nf8 21. Qxf7+ Kxf7 22. Kf1 Be7 {Accuracy: White = 84%, Black = 76%.} 1/2-1/2

[Event "20th Karpov Poikovsky 2019"]
[Site "Poikovsky"]
[Date "2019.06.09"]
[Round "4.1"]
[White "Mamedov, Rauf"]
[Black "Jakovenko, Dmitry"]
[Result "1/2-1/2"]
[WhiteElo "2650"]
[BlackElo "2704"]
[Annotator "TA"]
[PlyCount "51"]
[EventDate "2019.06.06"]
[EventType "tourn"]
[EventCountry "RUS"]
[SourceTitle "playchess.com"]
[Source "ChessBase"]
[SourceQuality "1"]

{[%evp 24,51,0,0,0,0,0,0,0,0,0,0,0,-24,-25,-29,-31,-36,-19,-21,-16,-21,-6,-16,-16,-24,0,-16,0,-22]} 1. e4 e5 2. Nf3 Nc6 3. d4 exd4 4. Nxd4 Nf6 5. Nxc6 bxc6 6. e5 Qe7 7. Qe2 Nd5 8. g3 g6 9. c4 Ba6 10. b3 Bg7 11. Bb2 O-O 12. Bg2 Rae8 13. O-O $1 Bxe5 {C45: Scotch Game} 14. Qxe5 Qxe5 15. Bxe5 Rxe5 16. cxd5 {[#] Threatens to win with Rd1.} Bxf1 17. Kxf1 cxd5 18. Na3 (18. Nc3 c6 19. Rd1 Rfe8 20. Bf3 Kf8 21. Ne2 {½-½ (41) Aronian,L (2765)-Amin,B (2709) Germany 2019}) 18... c6 19. Rd1 Rb8 20. Bf3 {[#]} Rb6 $146 {Strongly threatening ...Ra6.} ({Predecessor:} 20... Kf8 21. Rd4 {½-½ (42) Iljiushenok,I (2528)-Ponkratov,P (2605) Kolomna 2018}) 21. Be2 Kf8 22. Nc2 Rb8 23. Rd4 Re4 24. Rd1 Re5 25. Rd4 Re4 26. Rd1 {Accuracy: White = 64%, Black = 35%.} 1/2-1/2

[Event "20th Karpov Poikovsky 2019"]
[Site "Poikovsky"]
[Date "2019.06.09"]
[Round "4.2"]
[White "Artemiev, Vladislav"]
[Black "Korobov, Anton"]
[Result "1-0"]
[WhiteElo "2761"]
[BlackElo "2687"]
[Annotator "TA"]
[PlyCount "73"]
[EventDate "2019.06.06"]
[EventType "tourn"]
[EventCountry "RUS"]
[SourceTitle "playchess.com"]
[Source "ChessBase"]
[SourceQuality "1"]

{[%evp 18,73,0,0,29,29,29,29,29,29,29,27,58,59,65,0,64,74,104,106,114,110,149,152,240,242,242,248,246,237,216,229,221,197,316,311,299,305,345,332,337,339,321,202,208,0,294,278,379,368,401,406,397,372,645,625,570,555]} 1. c4 e6 2. g3 Nf6 3. Bg2 d5 4. Nf3 Be7 5. O-O O-O 6. b3 d4 7. e3 c5 8. exd4 cxd4 9. Re1 Nc6 10. Bb2 Bd6 {A14: English Opening: 1...e6 with b3 by White} 11. Nxd4 Nxd4 12. Bxd4 Bxg3 $1 {White has an edge.} 13. hxg3 Qxd4 14. Nc3 {[#]} Ng4 $146 ({Predecessor:} 14... Rd8 15. Qe2 Rb8 16. Nb5 Qb6 17. Qe3 Bd7 18. Qxb6 axb6 {½-½ (40) Yakovich,Y (2567)-Vitiugov,N (2638) Serpukhov 2008}) 15. Qf3 f5 16. Nb5 (16. Rad1 $14) 16... Qb6 ({Better is} 16... Qf6 $1 $11) 17. Qf4 $14 {aiming for Nc7.} e5 18. Rxe5 $1 Nxe5 19. Qxe5 {Threatens to win with Nc7.} Bd7 {White should prevent ...Bxb5.} 20. Nd6 Bc6 (20... Rf6 $16 {might work better.} 21. c5 (21. Nxb7 Bc6 $15) (21. Bxb7 Raf8 $16) 21... Qb4) 21. Bxc6 $18 (21. Nxf5 Rf6 $14) 21... Qxc6 {[#]} 22. Qe6+ $1 Kh8 23. Nf7+ Rxf7 24. Qxf7 {[%mdl 4096] Endgame KQR-KQR} Qe4 {[#]} 25. d3 $1 {[%mdl 512]} Qxd3 (25... Qe5 $142 26. d4 Qxd4) 26. Re1 {Intending Re8+ and mate.} ({But not} 26. Qxb7 $6 Rg8 $18) 26... h6 27. Qxb7 Rf8 28. Qxa7 f4 29. Qe7 Qf5 30. Re5 Qb1+ {[#]} 31. Re1 (31. Kg2 $142 $1 Kg8 32. Qe6+ Kh7 33. Re1 Qxa2 34. Qe4+ {[%mdl 64] Double Attack} Kg8 35. Qd5+ (35. gxf4 Qxb3 36. c5 Qb8 $16) 35... Kh8 36. Qf3) 31... Qf5 {intending ...fxg3.} 32. Qe4 {Black must now prevent Qxf5.} Qh5 33. Qd5 Qg6 34. Qf3 Kh7 35. Re5 Kh8 $2 (35... Kg8 36. Qd5+ Kh7) 36. Re4 Qc6 37. Kg2 {Accuracy: White = 85%, Black = 37%.} 1-0

[Event "20th Karpov Poikovsky 2019"]
[Site "Poikovsky"]
[Date "2019.06.09"]
[Round "4.3"]
[White "Fedoseev, Vladimir"]
[Black "Sasikiran, Krishnan"]
[Result "1-0"]
[WhiteElo "2680"]
[BlackElo "2673"]
[Annotator "TA"]
[PlyCount "92"]
[EventDate "2019.06.06"]
[EventType "tourn"]
[EventCountry "RUS"]
[SourceTitle "playchess.com"]
[Source "ChessBase"]
[SourceQuality "1"]

{[%evp 13,92,16,18,0,20,15,15,0,13,0,0,0,9,11,11,12,17,0,4,-35,0,-16,18,-2,-6,-18,-10,-20,-7,0,26,0,0,0,47,50,63,33,42,29,26,17,36,0,0,0,0,0,0,0,90,63,63,90,77,90,82,81,89,82,82,83,80,76,315,334,764,755,733,683,2410,2036,2242,2366,4919,4847,4562,1189,2807,2296,941]} 1. e4 e5 2. Nf3 Nc6 3. Bb5 a6 4. Ba4 Nf6 5. O-O Be7 6. d3 b5 7. Bb3 d6 8. Bd2 {C84: Closed Ruy Lopez: Unusual White 6th moves} (8. a3 O-O 9. Nc3 Na5 10. Ba2 Be6 11. b4 Bxa2 12. Rxa2 Nc6 13. Bg5 Ng4 14. Bd2 Nf6 15. Re1 Qd7 16. Nd5 Nxd5 17. exd5 {½-½ (37) Anand,V (2774)-Svidler,P (2735) Karlsruhe/Baden Baden 2019}) 8... O-O 9. h3 Bb7 10. a3 {The position is equal.} Qd7 11. Nc3 Nd8 12. Ba2 $146 ({Predecessor:} 12. d4 exd4 13. Nxd4 Nxe4 14. Nd5 Bxd5 15. Bxd5 Nxd2 16. Qxd2 c6 17. Bf3 Bf6 {0-1 (65) Petrolo,M (2560)-Mueller,G (2568) ICCF email 2010}) 12... c5 13. Nh2 Ne6 14. Ng4 Rae8 15. Be3 Kh8 16. Kh2 Bd8 17. b4 cxb4 18. axb4 Ng8 19. Bd2 f5 20. exf5 Rxf5 21. Bd5 Ref8 22. Ne3 R5f7 23. Qg4 Bxd5 24. Nexd5 Nf6 25. Nxf6 Rxf6 26. Rxa6 {Black must now prevent Ne4.} d5 $1 27. h4 Qc8 28. Rfa1 Rg6 29. Qh3 $1 $36 {[%mdl 2048] h5 is the strong threat. White fights for an advantage.} Rxf2 30. Bg5 {Threatens to win with Ra8.} h6 ({Much worse is} 30... Qxc3 31. Rxe6 Rf8 32. Ra8 $14) (30... Rxc2 $2 31. Ra8 $18) 31. Nd1 $1 {[%cal Rd1f2]} Nxg5 (31... Rxc2 $11 {remains equal.} 32. Ne3 Nf4 $1 {[%mdl 512]} 33. Qxc8 Rxc8 34. Bxf4 Rxa6 35. Rxa6 exf4 36. Nxd5 Bxh4 37. Nxf4 Be1) 32. hxg5 $16 (32. Qxc8 {is a self mate.} Nf3+ 33. Kh3 Ng1+ 34. Kh2 Rfxg2+ 35. Kh1 Nf3 36. Qxd8+ Kh7 37. Qh8+ Kxh8 38. Ra8+ {[#]} Kh7 $1 {[%mdl 512]} 39. Rh8+ Kxh8 40. Ra8+ Kh7 $1 {[%mdl 512]} 41. Rh8+ Kxh8 42. h5 Rh2#) 32... Qxh3+ 33. Kxh3 Rxa6 34. Rxa6 Rxc2 $11 {[%mdl 4096] Endgame [#] KRB-KRN} 35. Ra8 $1 {[%mdl 512] g6 would kill now.} Kh7 36. Rxd8 Rd2 37. Rxd5 Rxd1 $16 {KR-KR} 38. Kg4 hxg5 $2 (38... Kg6 $16) 39. Kxg5 $18 ({Not} 39. Rxe5 Rxd3 40. Rxb5 Kg6 $16) 39... Rb1 $2 (39... Re1 40. Rxb5 e4) 40. Rxb5 {White is clearly winning.} Rb3 41. g4 Rxd3 42. Rxe5 Rd4 43. b5 Kg8 44. Rc5 Rd6 45. Kf5 (45. Rc6 $142 Rd5+ 46. Kg6) 45... Rf6+ 46. Ke4 Rb6 {Accuracy: White = 58%, Black = 28%.} 1-0

[Event "20th Karpov Poikovsky 2019"]
[Site "Poikovsky"]
[Date "2019.06.09"]
[Round "4.4"]
[White "Kovalev, Vladislav"]
[Black "Wang, Hao"]
[Result "1/2-1/2"]
[WhiteElo "2661"]
[BlackElo "2737"]
[Annotator "TA"]
[PlyCount "41"]
[EventDate "2019.06.06"]
[EventType "tourn"]
[EventCountry "RUS"]
[SourceTitle "playchess.com"]
[Source "ChessBase"]
[SourceQuality "1"]

{[%evp 18,41,27,16,25,23,23,22,16,10,12,8,4,6,6,7,14,7,11,4,9,0,0,0,11,9]} 1. e4 e5 2. Nf3 Nc6 3. Bb5 Nf6 4. O-O Nxe4 5. Re1 Nd6 6. Nxe5 Be7 7. Bf1 Nxe5 8. Rxe5 O-O 9. d4 Bf6 10. Re1 Re8 {C67: Ruy Lopez: Berlin Defence: 4 0-0 Nxe4} 11. c3 Rxe1 12. Qxe1 Ne8 {The position is equal.} 13. Bd3 d5 14. Bf4 g6 15. Nd2 Ng7 16. Nf3 c6 17. Qe2 {[#]} Bg4 $146 ({Predecessor:} 17... Bf5 18. Bxf5 Nxf5 {½-½ (30) Kovalev,V (2664)-Grischuk,A (2769) Douglas 2018}) 18. h3 Ne6 19. Bh2 Bxf3 $1 20. Qxf3 Be7 21. Be5 1/2-1/2

[Event "20th Karpov Poikovsky 2019"]
[Site "Poikovsky"]
[Date "2019.06.09"]
[Round "4.5"]
[White "Esipenko, Andrey"]
[Black "Saric, Ivan"]
[Result "1/2-1/2"]
[WhiteElo "2611"]
[BlackElo "2680"]
[Annotator "TA"]
[PlyCount "55"]
[EventDate "2019.06.06"]
[EventType "tourn"]
[EventCountry "RUS"]
[SourceTitle "playchess.com"]
[Source "ChessBase"]
[SourceQuality "1"]

{[%evp 9,55,8,32,12,24,0,20,12,15,21,20,-5,11,16,28,22,32,20,24,15,11,0,16,0,10,0,0,0,6,10,22,10,12,-17,-14,-37,0,0,0,-46,0,0,0,0,0,0,0,0]} 1. e4 c5 2. Nf3 d6 3. Bb5+ Nd7 4. O-O a6 5. Bd3 Ngf6 6. Re1 {B51: Sicilian: Moscow Variation (3 Bb5+) without 3...Bd7} e6 7. a4 Qc7 (7... b6 8. c3 Bb7 9. Na3 Qc7 10. Qe2 Be7 11. Bb1 O-O 12. d4 Bc6 {½-½ (20) Svidler,P (2739)-Wojtaszek,R (2724) Moscow 2019}) 8. c3 d5 $146 ({Predecessor:} 8... Be7 9. Bc2 Ne5 10. Nxe5 dxe5 11. d3 O-O 12. Nd2 Bd7 {½-½ (23) Szabo,M (2298)-Hradeczky,T (2146) Zalakaros 2017}) 9. exd5 Nxd5 10. Bf1 Be7 11. a5 O-O 12. d3 b5 13. axb6 $1 N7xb6 14. Nbd2 a5 15. Nc4 a4 16. Nfe5 f6 17. Nxb6 Nxb6 18. Nc4 Bd7 19. g3 e5 20. Bg2 Rad8 21. h4 Kh8 22. Qe2 Rfe8 23. h5 h6 24. Rd1 Bf8 25. Qe4 {The position is equal.} Be6 26. Qe2 Bd7 27. Qe4 Be6 {[#] Hoping for ...Bxc4.} 28. Qe2 {Accuracy: White = 47%, Black = 55%.} 1/2-1/2

[Event "20th Karpov Poikovsky 2019"]
[Site "Poikovsky"]
[Date "2019.06.10"]
[Round "5.1"]
[White "Jakovenko, Dmitry"]
[Black "Kovalev, Vladislav"]
[Result "1-0"]
[WhiteElo "2704"]
[BlackElo "2661"]
[Annotator "TA"]
[PlyCount "245"]
[EventDate "2019.06.06"]
[EventType "tourn"]
[EventCountry "RUS"]
[SourceTitle "playchess.com"]
[Source "ChessBase"]
[SourceQuality "1"]

{[%evp 21,245,11,57,38,38,36,36,45,17,23,36,33,51,59,76,73,76,77,91,87,90,42,98,66,93,56,56,47,58,38,58,47,62,69,84,77,70,39,39,29,41,38,41,10,13,4,195,33,33,39,39,27,53,41,40,37,29,37,70,70,70,70,89,65,65,63,65,64,71,54,86,35,104,44,68,66,66,54,108,108,97,110,97,91,85,85,86,90,89,93,144,89,157,157,160,159,165,27,164,164,165,166,162,100,101,0,158,158,158,151,213,0,100,0,199,166,296,294,254,262,327,308,359,322,359,359,359,359,359,359,656,656,656,656,656,656,656,656,656,656,656,656,1291,1229,1772,2629,1816,1694,5196,595,529,484,3538,2613,1583,1983,12848,12848,6037,2725,2147,1566,29943,29942,29945,29947,29949,29952,29951,29954,29954,29954,29955,29955,29956,29959,29958,29960,29959,29961,29960,29963,29962,29963,29962,29964,29963,29966,29964,29966,29967,29966,29967,29967,29967,29968,29968,29967,29966,0,29966,29968,29968,29970,29971,29972,29971,29972,29973,29974,29974,29975,29975,29976,29976,29977,29977,29980,29978,29979,29973,29975,29975,29975,29974,29972]} 1. e4 e5 2. Nf3 Nc6 3. Bb5 a6 4. Ba4 Nf6 5. O-O Be7 6. Re1 b5 7. Bb3 d6 8. c3 O-O 9. h3 Bb7 10. d4 Re8 11. a4 Bf8 12. Bg5 {C92: Closed Ruy Lopez: 9...Be6, Karpov and Flohr-Zaitsev Variations} (12. d5 {with more complications.} Na5 13. Ba2 Nc4 14. Bxc4 bxc4 15. Bg5) 12... h6 13. axb5 axb5 14. Rxa8 {White is slightly better.} Bxa8 15. Bxf6 Qxf6 16. Na3 {[%cal Bb1a3,Ba3c2,Bc2b4][%mdl 32]} Na7 $146 ({Predecessor:} 16... exd4 17. Nxb5 dxc3 18. bxc3 Qe7 19. Bd5 Ne5 20. Nxe5 dxe5 21. Bxa8 Rxa8 {½-½ (21) Damljanovic,B (2560)-Strikovic,A (2495) Cacak 1991}) 17. d5 Qd8 18. Qd3 Qb8 19. Nc2 Qb6 20. Nb4 Bb7 21. Bd1 g6 (21... Rb8 $14) 22. Be2 h5 23. Nd2 Bh6 24. Nb3 Rf8 25. Ra1 f5 26. exf5 Bc8 27. Qd1 ({And not} 27. fxg6 Qxf2+ 28. Kh1 Bf5 $17) 27... Rxf5 28. Bf3 $1 Rf8 29. Qe2 Kg7 30. Nd2 Bb7 31. Ne4 Nc8 32. Qd3 Ne7 33. Be2 Ra8 $2 (33... Bc8 $11 {and Black stays safe.}) 34. Rd1 $2 (34. Rxa8 $18 Bxa8 35. Qf3) 34... Bc8 $14 35. Qxb5 Qxb5 36. Bxb5 Ra5 37. c4 Nf5 38. Nc3 Nd4 39. Nc6 Ra8 40. Nxd4 exd4 41. Rxd4 Bc1 42. Na4 Bf5 43. Rd1 Bf4 44. Nc3 Be5 45. h4 Bf6 46. g3 (46. Bc6 $16 Rb8 47. Nb5) 46... Bg4 ({Black should try} 46... Bxc3 $14 47. bxc3 Ra3) 47. Rd3 ({White should play} 47. Rc1 $16) 47... Ra1+ 48. Kg2 Re1 49. Rd2 Rc1 (49... Kh6 $14) 50. Ne4 $16 Be7 51. f3 Bf5 52. Re2 Bxe4 53. Rxe4 {[%mdl 4096] Endgame KRB-KRB} Bf6 54. Ba4 Bxb2 55. Re7+ Kh6 (55... Kf8 $142 56. Rxc7 Bd4) 56. Be8 (56. Rxc7 $142 Be5 57. f4) 56... Rc2+ (56... Bf6 $142 57. Rxc7 Re1) 57. Kh3 Rc3 58. Re6 ({Don't do} 58. Rxc7 $6 Re3 $14) 58... Rxf3 59. Rxg6+ ({Resist} 59. Bxg6 $6 Rf6 $16) 59... Kh7 60. Rg5 Bf6 61. Rxh5+ Kg7 62. Bd7 (62. Kg4 $18 Rc3 63. Rf5) 62... Kg6 63. Be8+ (63. Bg4 $142 $1 {[%cal Rg4f3]} Rf2 64. Bd1) 63... Kg7 64. Kg2 Rc3 65. Bb5 Kg6 (65... Rc2+ $16 66. Kf3 Rc3+ 67. Kg2 Rc2+ 68. Kf3 Rc3+ 69. Kf2 Rc2+ 70. Kf3) 66. Be8+ (66. g4 $1 $18 {is the precise move to win.}) 66... Kg7 67. Bb5 (67. Rf5 $16) 67... Kg6 $1 $18 68. g4 $1 Kg7 {[#]} (68... Be5 $142 69. Be8+ Kg7 70. Rg5+ Kh7) 69. g5 $1 {[%cal Rg5f6]} Be5 70. Rh6 Rg3+ 71. Kf2 Rg4 72. Ke3 Kg8 73. Bd7 Rxc4 74. Be6+ Kg7 75. Bf5 Rf4 $2 (75... c5 76. dxc6 Rxc6 77. Rh7+ Kg8) 76. Bd3 Rg4 77. Rh7+ Kg8 {Hoping for ...Rg3+.} 78. g6 Rg3+ 79. Ke2 Rg2+ 80. Ke1 Bc3+ 81. Kf1 Rg3 82. Ke2 Bf6 83. Bf5 Bg7 84. h5 Rg2+ 85. Kf1 (85. Kf3 $142 Rh2 86. Be6+ Kf8 87. Kg4) 85... Rh2 86. Kg1 Rh4 (86... Rd2 $142 87. h6 Bxh6 88. Be6+ Kf8 89. Rf7+ Ke8 90. Rxc7 Kf8 91. Rf7+ Ke8) 87. Kg2 Kf8 88. Be6 Rc4 89. h6 Bxh6 90. Rxh6 {Threatening mate with Rh7. KRB-KR} Kg7 91. Rh3 Kxg6 92. Bd7 Kf6 93. Re3 Rc5 94. Bc6 Kf5 95. Kf3 Ra5 96. Ke2 Kf4 97. Re7 Ra3 98. Rxc7 Ke4 99. Re7+ Kd4 100. Re6 Kc5 101. Re3 Ra1 102. Kd3 Rh1 103. Re2 Rh3+ 104. Ke4 Rh4+ 105. Kf5 Rh5+ 106. Kf6 Rh6+ 107. Kg5 Rh1 108. Rc2+ Kd4 109. Rd2+ Kc5 110. Rc2+ Kd4 111. Kf6 {White mates.} Re1 112. Rd2+ Kc3 113. Rf2 Kd4 114. Rf5 Kc5 115. Bd7 Rh1 116. Be6 Rh6+ {[#]} 117. Ke7 $1 Rh7+ 118. Rf7 Rh8 119. Rf1 Rh7+ 120. Bf7 Rg7 121. Rc1+ Kd4 122. Kxd6 Rxf7 123. Rd1+ {Accuracy: White = 72%, Black = 49%.} 1-0

[Event "20th Karpov Poikovsky 2019"]
[Site "Poikovsky"]
[Date "2019.06.10"]
[Round "5.2"]
[White "Korobov, Anton"]
[Black "Fedoseev, Vladimir"]
[Result "1/2-1/2"]
[WhiteElo "2687"]
[BlackElo "2680"]
[Annotator "TA"]
[PlyCount "55"]
[EventDate "2019.06.06"]
[EventType "tourn"]
[EventCountry "RUS"]
[SourceTitle "playchess.com"]
[Source "ChessBase"]
[SourceQuality "1"]

{[%evp 12,55,19,26,21,0,0,0,0,0,0,0,27,0,0,0,0,0,0,0,9,0,0,0,0,0,0,0,83,52,87,80,68,60,77,77,62,72,53,0,0,0,72,0,0,0]} 1. e4 c5 2. Nf3 d6 3. d4 cxd4 4. Nxd4 Nf6 5. Nc3 a6 6. Be2 e6 7. f4 Be7 {B84: Sicilian Scheveningen: 6 Be2 a6, lines without early Be3} 8. g4 d5 9. e5 Nfd7 10. g5 Qb6 11. a3 h6 12. Be3 (12. g6 $5) 12... hxg5 13. f5 $1 {[%cal Rf5e6] [#] Hoping for fxe6.} Nxe5 {[#] Strongly threatening ...g4.} 14. fxe6 $146 ({Predecessor:} 14. Nxe6 Qxe3 15. Nxd5 Nf3+ 16. Kf1 Nd2+ 17. Ke1 Nf3+ 18. Kf1 Nd2+ 19. Ke1 Nf3+ {½-½ (19) Mamedyarov,S (2817)-Fedoseev,V (2724) Wijk aan Zee 2019}) 14... fxe6 {...Bf6 is the strong threat.} 15. Nf5 $1 $36 {[%mdl 2048] White has good play.} Qd8 $1 ({Of course not} 15... Qxb2 $6 16. Bd4 $16 (16. Na4 Nf3+ 17. Bxf3 Qe5 $14 {[%mdl 64] Double Attack})) 16. Nxg7+ Kf7 17. Nh5 Nbc6 {aiming for ...d4.} 18. Rf1+ $1 Kg8 {White must now prevent ...d4.} 19. Rg1 $1 g4 (19... Kf7 $11 20. Rf1+ Kg8) 20. Bxg4 $16 Bh4+ 21. Ke2 d4 22. Bxe6+ $1 Kf8 23. Qf1+ Ke7 24. Rg7+ Kxe6 25. Nf4+ Kf6 26. Nh5+ {[%mdl 64] Discovered Attack (Double check)} Ke6 {[#]} 27. Nf4+ (27. Qh3+ $1 $16 Kd6 28. Ne4+ Kd5 29. Nf4+ Kxe4 30. Qg2+ Kf5 31. Rf1) 27... Kf6 $11 28. Nh5+ {[%mdl 64] Discovered Attack (Double check). Accuracy: White = 78%, Black = 75%.} 1/2-1/2

[Event "20th Karpov Poikovsky 2019"]
[Site "Poikovsky"]
[Date "2019.06.10"]
[Round "5.3"]
[White "Sasikiran, Krishnan"]
[Black "Mamedov, Rauf"]
[Result "1/2-1/2"]
[WhiteElo "2673"]
[BlackElo "2650"]
[Annotator "TA"]
[PlyCount "45"]
[EventDate "2019.06.06"]
[EventType "tourn"]
[EventCountry "RUS"]
[SourceTitle "playchess.com"]
[Source "ChessBase"]
[SourceQuality "1"]

{[%evp 12,45,27,27,33,34,33,26,31,35,48,31,37,19,23,24,28,26,21,25,28,22,37,24,41,29,32,5,5,4,15,0,0,0,0,0]} 1. e4 c5 2. Nf3 Nc6 3. Nc3 e5 4. Bc4 Be7 5. d3 d6 6. Nd2 Nf6 7. Nf1 Nd7 {B30: Sicilian: 2...Nc6 3 Bb5, lines without ...g6} (7... Bg4 8. f3 Be6 9. Ne3 O-O 10. O-O Nh5 11. g3 Bg5 12. Ncd5 Bxe3+ 13. Bxe3 Ne7 14. Bg5 Bxd5 15. Bxd5 h6 16. Bxe7 Qxe7 17. f4 Nf6 18. Bb3 {½-½ (57) Bacrot,E (2725)-Yu,Y (2751) Riadh 2017}) 8. Ne3 Nb6 9. O-O Bg5 {White has an edge.} 10. Ned5 Bxc1 11. Rxc1 (11. Qxc1 {keeps more tension.} Nxd5 12. Bxd5 Be6 13. f4 Bxd5 14. exd5 Nd4 15. Qd2) 11... O-O 12. f4 Nxc4 $146 ({Predecessor:} 12... exf4 13. Rxf4 Be6 14. Qh5 Ne5 15. Rcf1 Ng6 16. R4f2 Rc8 17. Ne3 Qh4 18. Qxh4 {½-½ (18) Kuncar,P (2086)-Priborsky,J (2229) Karlovy Vary 2004}) 13. dxc4 exf4 14. Nxf4 Be6 15. b3 Qg5 16. Qd2 Rad8 17. Rcd1 Bc8 18. Rf2 (18. Rf3 {is more complex.} a6 19. Ncd5 Qh6 20. Rg3 Kh8 21. Nc7) 18... Rfe8 19. Nd3 Qxd2 {The position is equal.} 20. Rfxd2 Bg4 21. Rf1 Nd4 22. Nf4 Bd7 23. Nfe2 {Accuracy: White = 75%, Black = 69%.} 1/2-1/2